01814 2200277 4500001002100000005001500021035002000036007000300056008004100059020002200100082001300122084002200135100002300157245004700180250003100227300003800258650002000296700002600316520105400342264003401396336002101430337003001451338002301481990001601504990001601520INLIS00000000116466420240909104555 a0010-0924000116ta240909 g f ind  a978-623-7439-70-7 a899.2213 aSR 899.2213 MAT a0 aMatcharayepenulis1 aAlvaska /cMatcharay; penyunting, Haykal B aCetakan kelima, Maret 2022 a396 halaman :bIlustrasi ;c21 cm 4aFiksi Indonesia0 aHaykal B.epenyunting aAlvaska Aldebra Lergan, cowok enam belas tahun yang terkenal sebagai most wanted sekaligus kapten basket di SMA Alantra. Memiliki sifat dingin, cuek, dan berbakat dalam hal bela diri membuat cowok itu banyak ditakuti oleh sebagian besar siswa disekolahnya. Selain itu, dia juga merupakan ketua dari Geng Motor Alvazars yang terkenal tidak punya belas kasih atau hampir tidak memiliki hati. Alvaska, anak yang memiliki kelainan jantung sejak lahir dan juga salah satu korban broken home. Selama enam belas tahun hidup, Alvaska hampir tidak pernah merasakan keanehan apa pun dalam dirinya, cowok itu merasa sehat. Tapi setelah dia merasakan detak jantungnya tidak normal, Alvaska baru sadar bahwa dia benar-benar sakit. "Gue mau mati." Namun kalimat itu berubah setelah Alvaska mencintai seseorang yang membuatnya memiliki keinginan untuk tetap hidup. Tapi di sisi lain, Alvaska sudah divonis hanya akan bertahan dua bulan lagi. "Tahu apa lo tentang masa depan? Bahkan lo bukan Tuhan." Hanya ada dua pertanyaan; Hidup atau mati? Bertahan atau pergi? aDepok :bCoconut Books,c2022 2rdacontentateks 2rdamediaatanpa perantara 2rdacarrieravolume a54298.67118 a54299.67119